000 00619nam a22002057a 4500
003 OSt
005 20160105145534.0
008 130308t xxu||||| |||| 00| 0 eng d
020 _a9780748774845
050 _aQH 581
_b.Sm642 2003
082 _aIB 574.87
_bAd2 2003
100 _aAdds, John
245 _aMolecules and cells
_cJohn Adds, Erica Larkcom and Ruth Miller series editor : Martin Furness-Smith
250 _arevised edition.
260 _aCheltenham, United Kingdom :
_bNelson Thornes ,
_cc2003
300 2 _c28 cm. :
_a106 pages.
_bcol.,ill.;
562 _e1
942 _2lcc
_cBK
999 _c2199
_d2199